Fundamentos de técnica legislativa (Record no. 58328)

MARC details
000 -LEADER
fixed length control field nam a22 7a 4500
005 - DATE AND TIME OF LATEST TRANSACTION
control field 20200117093731.0
008 - FIXED-LENGTH DATA ELEMENTS--GENERAL INFORMATION
fixed length control field 200117b ag ||||| |||| 00| 0 spa d
020 ## - INTERNATIONAL STANDARD BOOK NUMBER
International Standard Book Number 9505272308
050 04 - LIBRARY OF CONGRESS CALL NUMBER
Classification number KHA3084
Item number L45 1999
100 1# - MAIN ENTRY--PERSONAL NAME
Personal name Leiva Fernández, Luis F. P.
245 10 - TITLE STATEMENT
Title Fundamentos de técnica legislativa
Statement of responsibility, etc / Luis F. P. Leiva Fernández
250 ## - EDITION STATEMENT
Edition statement 1a ed.
260 ## - PUBLICATION, DISTRIBUTION, ETC. (IMPRINT)
Place of publication, distribution, etc Buenos Aires :
Name of publisher, distributor, etc La Ley,
Date of publication, distribution, etc 1999
300 ## - PHYSICAL DESCRIPTION
Extent xliv, 402 p. ;
Dimensions 24 cm.
504 ## - BIBLIOGRAPHY, ETC. NOTE
Bibliography, etc Incluye apéndice y bibliografía : p. 383-402
650 #7 - SUBJECT ADDED ENTRY--TOPICAL TERM
Source of heading or term lemb
Topical term or geographic name as entry element Redacción de proyectos de ley
Geographic subdivision Argentina
650 #7 - SUBJECT ADDED ENTRY--TOPICAL TERM
Source of heading or term lemb
Topical term or geographic name as entry element Redacción de proyectos de ley
Geographic subdivision Italia
942 ## - ADDED ENTRY ELEMENTS (KOHA)
Source of classification or shelving scheme Biblioteca del Cogreso de los Estados Unidos
Koha item type Libro
Holdings
Estado de pérdida Fuente de clasificación Estado del daño No para préstamo Ubicación permanente Ubicación actual Apartado o colección Fecha de adquisición Fuente de adquisición Edición Área del conocimiento Clasificación Código de Barras Date last seen Número de copia Costo por reposición Tipo de recurso
  Biblioteca del Cogreso de los Estados Unidos     Biblioteca del Posgrado en Derecho Biblioteca del Posgrado en Derecho Colección Ernesto Villanueva 17/01/2020 Donación 1a ed. Ciencias Sociales y Administrativas KHA3084 L45 1999 BPD000001192 17/01/2020 1 1.00 Libro